| 000 | 01061cam a2200193 4500 | ||
|---|---|---|---|
| 001 | WB3732-38 | ||
| 008 | 010829n2001 000 0 eng u | ||
| 035 | _a(Sirsi) u114366 | ||
| 245 | _aTwo wrongs are made right | ||
| 260 | _c2001 | ||
| 490 |
_aEstates Gazette _v(0134) 25 August 2001, 97(1) |
||
| 520 | _aDiscusses the possibility of rectifying in the courts a mistake made in a complex legal document such as a lease. Looks at "City of London Real Property Co Ltd v CGU International Insurance plc". In this case both parties were held to have made a mistake in a rent review clause. The court therefore ordered the rectification of the rent review provision. Notes the importance of claimants in this situation providing convincing evidence that the common intention continued up to the document's execution. | ||
| 590 | _aWB | ||
| 650 | _aMISTAKES AND OMISSIONS | ||
| 650 | _aCITY OF LONDON REAL PROPERTY CO V CGU INTERNATIONAL INSURANCE | ||
| 650 | _aRENT REVIEW CLAUSES | ||
| 690 | _aLANDLORD AND TENANT-RENT REVIEWS-CASE LAW | ||
| 942 | _n0 | ||
| 999 |
_c68107 _d68107 |
||